Cartas a Tanucci (1759-1763) / (Record no. 5625)
[ view plain ]
| 000 -LEADER | |
|---|---|
| campo de control de longitud fija | 01215nam a2200325 i 4500 |
| 001 - NÚMERO DE CONTROL | |
| campo de control | 5625 |
| 003 - IDENTIFICADOR DE NÚMERO DE CONTROL | |
| campo de control | ES-MaACL |
| 005 - FECHA Y HORA DE LA ÚLTIMA TRANSACCIÓN | |
| campo de control | 20251009145722.0 |
| 007 - CAMPO FIJO DE DESCRIPCIÓN FÍSICA--INFORMACIÓN GENERAL | |
| campo de control de longitud fija | t| |
| 008 - DATOS DE LONGITUD FIJA--INFORMACIÓN GENERAL | |
| campo de control de longitud fija | 890410s1989 sp ||||1|bspa d |
| 020 ## - NÚMERO INTERNACIONAL ESTÁNDAR DEL LIBRO | |
| Número Internacional Estándar del Libro | 84-7506-249-0 |
| 080 ## - NÚMERO DE LA CLASIFICACIÓN DECIMAL UNIVERSAL | |
| Número de la Clasificación Decimal Universal | 86-6"1759/1763" |
| 080 ## - NÚMERO DE LA CLASIFICACIÓN DECIMAL UNIVERSAL | |
| Número de la Clasificación Decimal Universal | 92 Carlos(46)III |
| 080 ## - NÚMERO DE LA CLASIFICACIÓN DECIMAL UNIVERSAL | |
| Número de la Clasificación Decimal Universal | 92 Tanucci, Bernardo, Marques de |
| 080 ## - NÚMERO DE LA CLASIFICACIÓN DECIMAL UNIVERSAL | |
| Número de la Clasificación Decimal Universal | 9(46)"1759/1763" |
| 100 0# - ENTRADA PRINCIPAL--NOMBRE DE PERSONA | |
| Nombre de persona | Carlos |
| Numeración | III, |
| Títulos y otros términos asociados al nombre | Rey de España |
| 9 (RLIN) | 35305 |
| 245 10 - MENCIÓN DEL TÍTULO | |
| Título | Cartas a Tanucci (1759-1763) / |
| Mención de responsabilidad, etc. | Carlos III ; prólogo Gonzalo Anes ; introducción, transcripción y notas Maximiliano Barrio. |
| 250 ## - MENCION DE EDICION | |
| Mención de edición | Ed. especial. |
| 260 ## - PUBLICACIÓN, DISTRIBUCIÓN, ETC. | |
| Lugar de publicación, distribución, etc. | Madrid : |
| Nombre del editor, distribuidor, etc. | Banco Bilbao Vizcaya, |
| Fecha de publicación, distribución, etc. | 1988. |
| 300 ## - DESCRIPCIÓN FÍSICA | |
| Extensión | XXXI, 470 p. : |
| Otras características físicas | [16] h. de lam. ; |
| Dimensiones | 25 cm. |
| 500 ## - NOTA GENERAL | |
| Nota general | Bibliografia. Indice. |
| 600 04 - PUNTO DE ACCESO ADICIONAL DE MATERIA--NOMBRE DE PERSONA | |
| Nombre de persona | Carlos |
| Numeración | III, |
| Títulos y otros términos asociados al nombre | Rey de España- |
| Subdivisión general | Correspondencia |
| 9 (RLIN) | 35306 |
| 600 04 - PUNTO DE ACCESO ADICIONAL DE MATERIA--NOMBRE DE PERSONA | |
| Nombre de persona | Tanucci, Bernardo, |
| Títulos y otros términos asociados al nombre | Marqués de- |
| Subdivisión general | Correspondencia |
| 9 (RLIN) | 109214 |
| 651 #4 - PUNTO DE ACCESO ADICIONAL DE MATERIA--NOMBRE GEOGRÁFICO | |
| Nombre geográfico | España- |
| Subdivisión general | Historia- |
| Subdivisión cronológica | 1759-1788, Carlos III. |
| 9 (RLIN) | 8240 |
| 700 1# - ENTRADA AGREGADA--NOMBRE PERSONAL | |
| Nombre de persona | Anes, Gonzalo, |
| Fechas asociadas al nombre | 1931-2014 |
| 9 (RLIN) | 21689 |
| 700 0# - ENTRADA AGREGADA--NOMBRE PERSONAL | |
| Nombre de persona | Barrio Gozalo, Maximiliano. |
| 9 (RLIN) | 26005 |
| 700 ## - ENTRADA AGREGADA--NOMBRE PERSONAL | |
| Nombre de persona | Tanucci, Bernardo, |
| Títulos y otros términos asociados al nombre | Marques de |
| 9 (RLIN) | 194856 |
| 852 ## - LOCALIZACIÓN | |
| Ubicación | ES-MaACL |
| Número de control de estantería | L-12473 |
| Sublocalización o colección | R.116247 |
| Nota libre | . - tela |
| Estatus retirado | Estado de pérdida | Estado de daño | No para préstamo | Biblioteca de origen | Biblioteca actual | Ubicación en estantería | Fecha de adquisición | Fuente de adquisición | Total de préstamos | Signatura topográfica completa | Código de barras | Visto por última vez | Precio de reemplazo | Tipo de ítem Koha |
|---|---|---|---|---|---|---|---|---|---|---|---|---|---|---|
| Biblioteca del Ateneo de Madrid | Biblioteca del Ateneo de Madrid | Depósito 2 | 17/01/2008 | L-12473 | 1005703 | 23/02/2023 | 23/02/2023 | Libro impreso |
